书目信息 |
| 题名: |
百川学海
|
|
| 作者: | 左圭 辑 | |
| 分册: | ||
| 出版信息: | 北京 中国书店出版社 1990 |
|
| 页数: | 987页 | |
| 开本: | 20cm | |
| 丛书名: | 海王村古籍丛刊 | |
| 单 册: | ||
| 中图分类: | Z121.2 | |
| 科图分类: | ||
| 主题词: | 丛书--中国 | |
| 电子资源: | ||
| ISBN: | 7-80568-162-7 | |
| 000 | 00594nam0 2200217 450 | |
| 001 | 0551391867 | |
| 005 | 20051228141919.68 | |
| 010 | @a7-80568-162-7@b精装@dCNY25.00 | |
| 100 | @a20051228d1990 km y0chiy0120 ea | |
| 101 | 0 | @achi |
| 102 | @aCN@b110000 | |
| 200 | 1 | @a百川学海@Abai chuan xue hai@f(宋)左圭辑@F(song)zuo gui ji |
| 210 | @a北京@c中国书店出版社@d1990 | |
| 215 | 1 | @a987页@d20cm |
| 225 | 2 | @a海王村古籍丛刊 |
| 410 | 0 | @12001 @a海王村古籍丛刊 |
| 606 | 0 | @a丛书@x中国 |
| 690 | @aZ121.2@v4 | |
| 701 | 0 | @a左圭@Azuo gui@4辑 |
| 801 | 0 | @aCN@bPFT@c20051228 |
| 905 | @a10447@dZ121.2@e42 | |
| 百川学海/(宋)左圭辑.-北京:中国书店出版社,1990 |
| 987页;20cm.-(海王村古籍丛刊) |
| ISBN 7-80568-162-7(精装):CNY25.00 |
| ● |
| 相关链接 |
|
|
|
|
正题名:百川学海
索取号:Z121.2/42
 
预约/预借
| 序号 | 登录号 | 条形码 | 馆藏地/架位号 | 状态 | 备注 |
| 1 | 0257166 | 202182798 | 密集书库/ [索取号:Z121.2/42] | 在馆 |